[Event "Rated Blitz game"]
[Site "?"]
[Date "2021.11.04"]
[Round "?"]
[White "Rabiatwitch"]
[Black "Gillamenace"]
[Result "1-0"]
[WhiteElo "2433"]
[BlackElo "2381"]
[PlyCount "39"]
[EventDate "2021.??.??"]
[EventType "blitz"]

1. e4 e5 2. Nf3 d5 3. Nxe5 Qf6 4. d4 dxe4 5. Nc3 Bf5 6. Bc4 Bb4 7. Nxf7 Qg6 8.
Nxh8 Qxg2 9. Rf1 Nc6 10. Bf7+ Ke7 11. Bg5+ Kf8 12. Bxg8 Kxg8 13. Be3 Rd8 14.
Qe2 Rxd4 15. Bxd4 Nxd4 16. Qc4+ Be6 17. Qxd4 Bxc3+ 18. bxc3 Kxh8 19. Qd8+ Bg8
20. O-O-O {Normal} 1-0

[Event "Rated Blitz game"]
[Site "?"]
[Date "2021.11.04"]
[Round "?"]
[White "wooll"]
[Black "Erickglezmesa"]
[Result "0-1"]
[WhiteElo "2371"]
[BlackElo "2452"]
[PlyCount "78"]
[EventDate "2021.??.??"]
[EventType "blitz"]

1. e4 e5 2. Nf3 d5 3. exd5 e4 4. Ne5 Qxd5 5. d4 exd3 6. Nxd3 Nf6 7. Nc3 Qd8 8.
Bf4 Bd6 9. Qd2 O-O 10. O-O-O a6 11. h4 Nc6 12. h5 h6 13. f3 Be6 14. g4 Bxf4 15.
Qxf4 Nd5 16. Qd2 Nxc3 17. Qxc3 Qd4 18. Qxd4 Nxd4 19. Nc5 Nxf3 20. Nxe6 fxe6 21.
Bg2 c6 22. Rd7 Rab8 23. Rhd1 Ng5 24. Rc7 Rf7 25. Rdd7 Rxd7 26. Rxd7 Kf8 27. c4
Nh7 28. c5 Nf6 29. Rd6 Ke7 30. Bf3 Rf8 31. Bxc6 bxc6 32. Rxc6 Nd5 33. Rxa6 Rc8
34. c6 Kd6 35. Kd2 Rxc6 36. Ra7 Rc7 37. Ra6+ Ke5 38. Ra4 Rf7 39. a3 Rf2+ {
Normal} 0-1

[Event "Rated Blitz game"]
[Site "?"]
[Date "2021.11.04"]
[Round "?"]
[White "Kostia_burnashev"]
[Black "DOOGE228"]
[Result "0-1"]
[WhiteElo "2491"]
[BlackElo "2468"]
[PlyCount "64"]
[EventDate "2021.??.??"]
[EventType "blitz"]

1. e4 e5 2. Nf3 d5 3. Nxe5 Bd6 4. d4 dxe4 5. Nc4 Nf6 6. Nc3 O-O 7. Bg5 Be7 8.
Ne3 Nc6 9. d5 Nxd5 10. Bxe7 Ndxe7 11. Qxd8 Rxd8 12. Nxe4 Nf5 13. Nxf5 Bxf5 14.
f3 Bxe4 15. fxe4 Nb4 16. Bd3 Nxd3+ 17. cxd3 Rxd3 18. Rc1 c6 19. Ke2 Rad8 20.
Rc2 Kf8 21. Rf1 Ke7 22. g3 Ke6 23. b3 f6 24. Rf4 Rd1 25. Rf3 Rh1 26. Ke3 Rdd1
27. h4 h6 28. Kf4 Rde1 29. Rc4 g5+ 30. hxg5 hxg5+ 31. Kg4 Reg1 32. Rf1 Rxf1 {
Time forfeit} 0-1

[Event "Rated Blitz game"]
[Site "?"]
[Date "2021.11.04"]
[Round "?"]
[White "AAA-86"]
[Black "DOOGE228"]
[Result "0-1"]
[WhiteElo "2325"]
[BlackElo "2463"]
[PlyCount "20"]
[EventDate "2021.??.??"]
[EventType "blitz"]

1. e4 e5 2. Nf3 d5 3. exd5 e4 4. Ne5 Qxd5 5. d4 exd3 6. Nxd3 Nf6 7. Be2 Bd6 8.
Bf3 Qf5 9. Qe2+ Kf8 10. O-O Nc6 {Time forfeit} 0-1

[Event "Rated Blitz game"]
[Site "?"]
[Date "2021.11.04"]
[Round "?"]
[White "KSV_79"]
[Black "larsental3"]
[Result "0-1"]
[WhiteElo "2416"]
[BlackElo "2339"]
[PlyCount "47"]
[EventDate "2021.??.??"]
[EventType "blitz"]

1. e4 e5 2. Nf3 d5 3. Nxe5 Bd6 4. d4 dxe4 5. Be2 Bxe5 6. dxe5 Qxd1+ 7. Bxd1 Nc6
8. Bf4 Nge7 9. O-O Ng6 10. Bg3 Ngxe5 11. Nc3 Bf5 12. Re1 O-O-O 13. Nxe4 Rhe8
14. Bf3 Nxf3+ 15. gxf3 Nd4 16. Kg2 Nxc2 17. Rec1 Bxe4 18. fxe4 Nxa1 19. Rxc7+
Kb8 20. Rc1+ Ka8 21. f3 Rd2+ 22. Kh3 Nc2 23. Bf4 Re2 24. Kg3 {Normal} 0-1

[Event "Rated Blitz game"]
[Site "?"]
[Date "2021.11.04"]
[Round "?"]
[White "AndreiMacovei"]
[Black "Fantastic_power06"]
[Result "1-0"]
[WhiteElo "2751"]
[BlackElo "2800"]
[PlyCount "101"]
[EventDate "2021.??.??"]
[EventType "blitz"]

1. e4 e5 2. Nf3 d5 3. Nxe5 Bd6 4. d4 dxe4 5. Bc4 Bxe5 6. Qh5 Qe7 7. Qxe5 Qxe5
8. dxe5 Nc6 9. Bf4 Bf5 10. Nc3 Rd8 11. O-O Nge7 12. Rfe1 O-O 13. Nxe4 Ng6 14.
Bg3 Ngxe5 15. Bb3 Rfe8 16. f3 Nd4 17. Kf2 Nxb3 18. axb3 f6 19. Rxa7 Bxe4 20.
fxe4 Rd2+ 21. Re2 Ng4+ 22. Ke1 Rxe2+ 23. Kxe2 Rxe4+ 24. Kd3 Re3+ 25. Kd2 f5 26.
Rxb7 g5 27. Bxc7 Re7 28. h3 Nf6 29. Rb8+ Kf7 30. Bd8 Rd7+ 31. Kc1 Ne4 32. b4 g4
33. hxg4 fxg4 34. b5 Nf2 35. b4 g3 36. b6 Ne4 37. Bc7 h5 38. c4 h4 39. Rh8 h3
40. Rxh3 Rd4 41. b7 Rxc4+ 42. Kd1 Nf2+ 43. Ke2 Nxh3 44. b8=Q Ng5 45. Bxg3 Re4+
46. Kd3 Re6 47. Qb5 Kg6 48. Qc4 Nf7 49. Qxe6+ Kg7 50. Be5+ Kg8 51. Bc3 {
Time forfeit} 1-0

[Event "Rated Blitz game"]
[Site "?"]
[Date "2021.11.04"]
[Round "?"]
[White "firmansimbolon"]
[Black "GrandeGila"]
[Result "1-0"]
[WhiteElo "2456"]
[BlackElo "2515"]
[PlyCount "47"]
[EventDate "2021.??.??"]
[EventType "blitz"]

1. e4 e5 2. Nf3 d5 3. exd5 e4 4. Qe2 Nf6 5. Nc3 Be7 6. Nxe4 Nxd5 7. b3 O-O 8.
Bb2 Re8 9. O-O-O Nc6 10. Qd3 a5 11. h4 f6 12. Qb5 Be6 13. Bc4 Qc8 14. Bxd5 Bxd5
15. Qxd5+ Kh8 16. h5 Nb4 17. Qc4 Nxa2+ 18. Kb1 Nb4 19. h6 a4 20. hxg7+ Kxg7 21.
Neg5 Kg6 22. Qf7+ Kf5 23. Qxh7+ Kf4 24. Qe4# {Normal} 1-0

[Event "Rated Blitz game"]
[Site "?"]
[Date "2021.11.04"]
[Round "?"]
[White "Topacchi8la"]
[Black "Dimon-Sorokin"]
[Result "0-1"]
[WhiteElo "2440"]
[BlackElo "2775"]
[PlyCount "116"]
[EventDate "2021.??.??"]
[EventType "blitz"]

1. e4 e5 2. Nf3 d5 3. d4 dxe4 4. Nxe5 Nc6 5. Bb5 Bd7 6. Nxd7 Qxd7 7. d5 a6 8.
dxc6 Qxd1+ 9. Kxd1 axb5 10. cxb7 Rd8+ 11. Ke2 Rb8 12. a4 Rxb7 13. a5 Nf6 14.
Nc3 c6 15. Bg5 Be7 16. Bxf6 Bxf6 17. a6 Ra7 18. Nxe4 Bxb2 19. Ra2 Be5 20. Rd1
O-O 21. Nc5 Re8 22. Kf3 Bc7 23. Rd7 Bb6 24. Rxa7 Bxa7 25. Ne4 Kf8 26. Ra3 Rc8
27. Rd3 Ke7 28. Ng5 h6 29. Nxf7 Rf8 30. Kg4 Rxf7 31. f4 Rf8 32. g3 c5 33. Rd5
Rc8 34. Kf5 Rc6 35. Re5+ Kf7 36. Rd5 Rxa6 37. Rd7+ Kg8 38. Rb7 b4 39. g4 Kh7
40. h4 c4 41. Rxb4 Ra5+ 42. Ke4 c3 43. h5 Bf2 44. Rb7 Ra7 45. Rxa7 Bxa7 46. Kd3
Bb8 47. f5 Be5 48. Ke4 Bf6 49. Kd5 Kg8 50. Ke6 Kf8 51. Kd7 Kf7 52. Kd6 Bg5 53.
Kd7 Kf6 54. Kd6 Bf4+ 55. Kd5 Kg5 56. Ke6 Kxg4 57. Kf7 Kxf5 58. Kxg7 Kg4 {Normal
} 0-1

[Event "Rated Blitz game"]
[Site "?"]
[Date "2021.11.04"]
[Round "?"]
[White "MihailRodin"]
[Black "RoadToFM-L"]
[Result "1-0"]
[WhiteElo "2557"]
[BlackElo "2558"]
[PlyCount "65"]
[EventDate "2021.??.??"]
[EventType "blitz"]

1. e4 e5 2. Nf3 d5 3. Nc3 Nf6 4. exd5 Bc5 5. Nxe5 O-O 6. d4 Re8 7. Be3 Bb4 8.
Bc4 Ne4 9. O-O Bxc3 10. bxc3 Nxc3 11. Qf3 f6 12. d6+ Be6 13. Bxe6+ Rxe6 14.
Qxb7 cxd6 15. Qf7+ Kh8 16. Qxe6 fxe5 17. dxe5 d5 18. Rfe1 Nd7 19. Bd4 Ne4 20.
Qxd5 Ng5 21. e6 Nf6 22. Qxd8+ Rxd8 23. Bxf6 gxf6 24. e7 Re8 25. Rad1 Kg7 26.
Rd8 Kf7 27. Rxe8 Kxe8 28. f4 Nf7 29. Kf2 Nd6 30. Kf3 Nb5 31. c4 Nd4+ 32. Ke4
Nc6 33. Kd5 {Normal} 1-0

[Event "Rated Blitz game"]
[Site "?"]
[Date "2021.11.04"]
[Round "?"]
[White "Oleg_Perfilov"]
[Black "rafarocks"]
[Result "1-0"]
[WhiteElo "2453"]
[BlackElo "2620"]
[PlyCount "121"]
[EventDate "2021.??.??"]
[EventType "blitz"]

1. e4 e5 2. Nf3 d5 3. Nxe5 dxe4 4. Bc4 Nh6 5. d4 Nd7 6. Qe2 Nxe5 7. Qxe4 Nhg4
8. dxe5 Qd1+ 9. Kxd1 Nxf2+ 10. Ke2 Nxe4 11. Bd5 Bg4+ 12. Ke3 Nc5 13. h3 Be6 14.
Bxe6 Nxe6 15. Nc3 O-O-O 16. Ne4 g6 17. b3 Nd4 18. Nd6+ cxd6 19. Kxd4 dxe5+ 20.
Ke3 Bg7 21. Bb2 Rhe8 22. Rhf1 f5 23. Rad1 Rxd1 24. Rxd1 Rd8 25. Rf1 Bh6+ 26.
Kf3 Rd2 27. Bxe5 Rxc2 28. a4 Rd2 29. Rc1+ Kd7 30. Rc3 Ke6 31. Bg3 Bg7 32. Rc7
Rd3+ 33. Ke2 Rxg3 34. Rxg7 Rxb3 35. Rxh7 a5 36. g4 fxg4 37. hxg4 Rb4 38. g5 Kf5
39. Rc7 Kxg5 40. Rc5+ Kh4 41. Rxa5 g5 42. Kf3 g4+ 43. Kg2 Rb2+ 44. Kg1 Kg3 45.
Kf1 Kh2 46. Rh5+ Kg3 47. Rh7 Kf3 48. Rf7+ Kg3 49. Rg7 Rb4 50. Ke2 Rxa4 51. Rxb7
Ra3 52. Rf7 Kg2 53. Rg7 g3 54. Rg6 Kg1 55. Rg5 g2 56. Rg7 Rh3 57. Rg6 Kh2 58.
Kf2 Rg3 59. Rh6+ Rh3 60. Rg6 g1=Q+ 61. Rxg1 {Time forfeit} 1-0

[Event "Rated Blitz game"]
[Site "?"]
[Date "2021.11.04"]
[Round "?"]
[White "Kostia_burnashev"]
[Black "tactinhos2900"]
[Result "1/2-1/2"]
[WhiteElo "2507"]
[BlackElo "2530"]
[PlyCount "93"]
[EventDate "2021.??.??"]
[EventType "blitz"]

1. e4 e5 2. Nf3 d5 3. Nxe5 Bd6 4. d4 dxe4 5. Nc4 Nf6 6. Nc3 O-O 7. Bg5 Re8 8.
Be2 Nc6 9. Ne3 h6 10. Bh4 a6 11. d5 Nb8 12. Qd4 Nbd7 13. O-O-O Be5 14. Qd2 Nc5
15. Nc4 Qe7 16. Nxe5 Qxe5 17. Bg3 Qe7 18. d6 Qe6 19. dxc7 b6 20. Qd6 Qf5 21.
Qxb6 Ncd7 22. Qc6 Ra7 23. Bc4 Bb7 24. Qa4 Nc5 25. Qb4 Bc8 26. Rhe1 Ne6 27. Qd6
Kh7 28. Nd5 Nxd5 29. Rxd5 Qg6 30. Re5 e3 31. R5xe3 Rxc7 32. Bd3 f5 33. Rxe6
Rxe6 34. Rxe6 Qxe6 35. Bxf5+ Qxf5 36. Qxc7 Be6 37. b3 Bd5 38. Qf4 Qh5 39. f3
Qg6 40. Qd4 Qe6 41. Kb2 Bb7 42. Be1 Qxe1 43. Qd3+ Kh8 44. Qd8+ Kh7 45. Qd3+ Kh8
46. Qd8+ Kh7 47. Qd3+ {Normal} 1/2-1/2

[Event "Rated Blitz game"]
[Site "?"]
[Date "2021.11.04"]
[Round "?"]
[White "minecraft_storify"]
[Black "Kaldas90"]
[Result "0-1"]
[WhiteElo "2511"]
[BlackElo "2725"]
[PlyCount "102"]
[EventDate "2021.??.??"]
[EventType "blitz"]

1. e4 e5 2. Nf3 d5 3. Nxe5 Bd6 4. d4 dxe4 5. Qh5 g6 6. Qe2 Bxe5 7. dxe5 Nc6 8.
Qxe4 Bf5 9. Qa4 Qe7 10. Bb5 Qxe5+ 11. Be3 Qe4 12. Nc3 Qxa4 13. Bxa4 Nge7 14.
O-O-O O-O 15. Bc5 Rfd8 16. Rde1 Nd5 17. Ne4 Bxe4 18. Rxe4 Nb6 19. Bb3 Nd7 20.
Be3 Na5 21. h4 Nf8 22. Ba4 Rd6 23. h5 Rad8 24. c3 a6 25. Bc2 b5 26. Re7 Ne6 27.
hxg6 hxg6 28. Bxg6 fxg6 29. Reh7 Nc6 30. g4 Rd1+ 31. Rxd1 Rxd1+ 32. Kxd1 Kxh7
33. Ke2 g5 34. Kf3 Kg6 35. Ke4 Kf6 36. Kd5 Ne7+ 37. Ke4 c6 38. b3 Nd5 39. c4
Nc3+ 40. Kd3 Nxa2 41. Bd2 Nc5+ 42. Kc2 a5 43. Kb2 Nb4 44. cxb5 cxb5 45. Bc3+
Ke6 46. Bd4 Ncd3+ 47. Kc3 Ne5 48. Be3 Kd5 49. Bxg5 Ke4 50. Be7 Nd5+ 51. Kd2
Nxg4 {Time forfeit} 0-1

[Event "Rated Blitz game"]
[Site "?"]
[Date "2021.11.04"]
[Round "?"]
[White "riserman"]
[Black "Annali-annaliew1979"]
[Result "0-1"]
[WhiteElo "2442"]
[BlackElo "2436"]
[PlyCount "86"]
[EventDate "2021.??.??"]
[EventType "blitz"]

1. e4 e5 2. Nf3 d5 3. exd5 e4 4. Qe2 f5 5. d3 Nf6 6. dxe4 fxe4 7. Nbd2 Be7 8.
Nxe4 Nxe4 9. Qxe4 O-O 10. Be3 Bd6 11. Bc4 Bf5 12. Qd4 Nd7 13. O-O Qe8 14. Qd2
Qh5 15. Rfe1 Be4 16. h3 Bxf3 17. gxf3 Qxh3 18. f4 Nf6 19. Bf1 Qg4+ 20. Bg2 Rae8
21. Qd1 Qf5 22. c4 b6 23. a3 a5 24. Rb1 Ng4 25. Qf3 Nxe3 26. fxe3 Bc5 27. b4
Rxe3 28. bxc5 Rxf3 29. Bxf3 Qxf4 30. Bg2 Qxc4 31. cxb6 cxb6 32. Rbd1 h5 33. d6
Qc5+ 34. Kh1 h4 35. d7 h3 36. Bd5+ Kh7 37. Re4 Qf2 38. Re8 Rf3 39. Rg1 h2 40.
Be4+ Rf5 41. Bxf5+ Qxf5 42. Rg2 Qxd7 43. Re1 Qd5 {Time forfeit} 0-1

[Event "Rated Blitz game"]
[Site "?"]
[Date "2021.11.04"]
[Round "?"]
[White "meiqwe"]
[Black "Annali-annaliew1979"]
[Result "0-1"]
[WhiteElo "2384"]
[BlackElo "2401"]
[PlyCount "64"]
[EventDate "2021.??.??"]
[EventType "blitz"]

1. e4 e5 2. Nf3 d5 3. Nxe5 Qe7 4. d4 f6 5. Ng4 Nc6 6. e5 Bxg4 7. Qxg4 fxe5 8.
Be2 Nf6 9. Qg3 Nxd4 10. Bd1 Ne4 11. Qd3 O-O-O 12. O-O Qh4 13. c3 Nc6 14. Nd2
Bc5 15. Nxe4 dxe4 16. Qg3 Qxg3 17. hxg3 h6 18. b4 Bb6 19. Be3 Bxe3 20. fxe3 Rd3
21. Bg4+ Kb8 22. Rae1 Rxc3 23. Bf5 Nxb4 24. Bxe4 a6 25. Rb1 Rc4 26. Bf5 Nd5 27.
Be6 Rc5 28. e4 Nc3 29. Rb2 Rd8 30. Bf5 Rd1 31. Rxd1 Nxd1 32. Kh2 Nxb2 {Normal}
0-1

[Event "Rated Rapid game"]
[Site "?"]
[Date "2021.11.04"]
[Round "?"]
[White "Happysanta"]
[Black "Boris-Trapsky"]
[Result "1/2-1/2"]
[WhiteElo "2430"]
[BlackElo "2486"]
[PlyCount "30"]
[EventDate "2021.??.??"]
[EventType "rapid"]

1. e4 e5 2. Nf3 d5 3. Nxe5 Bd6 4. d4 Qe7 5. Bd3 dxe4 6. Bxe4 Nd7 7. O-O Ngf6 8.
Bg5 Nxe5 9. dxe5 Qxe5 10. Re1 Qxh2+ 11. Kf1 Qh1+ 12. Ke2 Qh5+ 13. Kf1 Qh1+ 14.
Ke2 Qh5+ 15. Kf1 Qh1+ {Normal} 1/2-1/2

[Event "Rated Blitz game"]
[Site "?"]
[Date "2021.11.04"]
[Round "?"]
[White "kazlatan"]
[Black "DOOGE228"]
[Result "1-0"]
[WhiteElo "2450"]
[BlackElo "2474"]
[PlyCount "111"]
[EventDate "2021.??.??"]
[EventType "blitz"]

1. e4 e5 2. Nf3 d5 3. Nxe5 Bd6 4. d4 dxe4 5. Bc4 Bxe5 6. dxe5 Qxd1+ 7. Kxd1 Nc6
8. Re1 Bg4+ 9. Be2 O-O-O+ 10. Bd2 Nxe5 11. Nc3 f5 12. Kc1 Bxe2 13. Rxe2 Ne7 14.
Bf4 N5g6 15. Bg5 Rd7 16. b3 h6 17. Be3 Rhd8 18. Kb2 b6 19. f3 f4 20. Bg1 e3 21.
g3 Nd5 22. Nxd5 Rxd5 23. gxf4 Nxf4 24. Rxe3 Rd2 25. Re7 Rg2 26. h4 Rdd2 27. Be3
Rxc2+ 28. Ka3 Nd5 29. Re4 a5 30. Bd4 Nb4 31. Ka4 Rxa2+ 32. Rxa2 Rxa2+ 33. Kb5
Kb7 34. Re7 Nd5 35. Rxg7 Rd2 36. Be5 Rd3 37. Kc4 Rd1 38. f4 Kc6 39. Rg6+ Kd7
40. Rxh6 c6 41. Rd6+ Ke7 42. Rxc6 Ne3+ 43. Kb5 Nd5 44. h5 Rd3 45. Kc4 Rd1 46.
h6 Nb4 47. Rxb6 Rc1+ 48. Kb5 Nd3 49. h7 Rc5+ 50. Ka6 Nb4+ 51. Rxb4 axb4 52.
h8=Q Ke6 53. Qf6+ Kd5 54. Qd6+ Ke4 55. Qxc5 Kf3 56. f5 {Normal} 1-0

[Event "Rated Blitz game"]
[Site "?"]
[Date "2021.11.04"]
[Round "?"]
[White "niwt_tnegrevid"]
[Black "rofaidah"]
[Result "1-0"]
[WhiteElo "2507"]
[BlackElo "2498"]
[PlyCount "41"]
[EventDate "2021.??.??"]
[EventType "blitz"]

1. e4 e5 2. Nf3 d5 3. Nxe5 Qe7 4. d4 f6 5. Ng4 dxe4 6. Nc3 Nc6 7. Ne3 f5 8.
Ned5 Qd8 9. Bg5 Nf6 10. Bxf6 gxf6 11. Qh5+ Kd7 12. Qxf5+ Ke8 13. Nxf6+ Ke7 14.
Ncd5+ Kf7 15. Qh5+ Kg7 16. Be2 Be7 17. Qg5+ Kf8 18. Qh6+ Kf7 19. Bh5+ Ke6 20.
Nf4+ Kf5 21. g4# {Normal} 1-0

[Event "Rated Blitz game"]
[Site "?"]
[Date "2021.11.04"]
[Round "?"]
[White "sdirektor"]
[Black "rofaidah"]
[Result "0-1"]
[WhiteElo "2429"]
[BlackElo "2485"]
[PlyCount "100"]
[EventDate "2021.??.??"]
[EventType "blitz"]

1. e4 e5 2. Nf3 d5 3. Nxe5 Qe7 4. d4 f6 5. Nd3 dxe4 6. Nf4 Bf5 7. Bc4 Nc6 8. c3
O-O-O 9. Qb3 Na5 10. Qb5 Nxc4 11. Qxc4 g5 12. Nd5 Qe6 13. Ne3 Qd7 14. Nxf5 Qxf5
15. O-O Bd6 16. Be3 Ne7 17. Nd2 h5 18. Rad1 h4 19. d5 Qe5 20. g3 hxg3 21. hxg3
g4 22. Qxe4 Qh5 23. Qg2 Rh7 24. Ne4 Rdh8 25. f4 Nf5 26. Nxd6+ cxd6 27. Bxa7
Qh2+ 28. Qxh2 Rxh2 29. Rd3 Rxb2 30. Bd4 Rxa2 31. Bxf6 Rhh2 32. Re1 Rag2+ 33.
Kf1 Nxg3+ 34. Rxg3 Rxg3 35. Be7 Kd7 36. f5 Rf3+ 37. Kg1 g3 38. f6 Rhf2 39. Rb1
Kc7 40. c4 Rc2 41. Re1 Rxc4 42. Rf1 Rxf1+ 43. Kxf1 Kd7 44. Kg2 Rd4 45. Kxg3
Rxd5 46. Kf4 Ke6 47. Bd8 Rf5+ 48. Kg4 Rxf6 49. Bxf6 Kxf6 50. Kf4 Ke6 {Time
forfeit} 0-1

[Event "Rated Blitz game"]
[Site "?"]
[Date "2021.11.04"]
[Round "?"]
[White "RafaelCabral"]
[Black "Erickglezmesa"]
[Result "0-1"]
[WhiteElo "2333"]
[BlackElo "2408"]
[PlyCount "20"]
[EventDate "2021.??.??"]
[EventType "blitz"]

1. e4 e5 2. Nf3 d5 3. Nxe5 dxe4 4. Bc4 Qg5 5. Nxf7 Qxg2 6. Rf1 Bg4 7. f3 Bxf3
8. Rxf3 exf3 9. Nxh8 f2+ 10. Ke2 f1=Q+ {Normal} 0-1

[Event "Rated Blitz game"]
[Site "?"]
[Date "2021.11.04"]
[Round "?"]
[White "Ngazio2000"]
[Black "Maltinho"]
[Result "0-1"]
[WhiteElo "2566"]
[BlackElo "2547"]
[PlyCount "72"]
[EventDate "2021.??.??"]
[EventType "blitz"]

1. e4 e5 2. Nf3 d5 3. Nxe5 Bd6 4. d4 dxe4 5. Nc4 Nf6 6. Nc3 O-O 7. Bg5 Nc6 8.
Be2 Re8 9. Qd2 h6 10. Bh4 Bb4 11. O-O-O Bxc3 12. Qxc3 Nd5 13. Bxd8 Nxc3 14.
bxc3 Nxd8 15. Rhe1 Be6 16. Ne3 f5 17. c4 f4 18. Nd5 Bxd5 19. cxd5 Nf7 20. c4
Nd6 21. c5 Nf5 22. Bg4 g6 23. Kc2 Rad8 24. Bxf5 gxf5 25. Rb1 b6 26. d6 bxc5 27.
dxc7 Rc8 28. d5 Rxc7 29. Kc3 Kf7 30. Kc4 Kf6 31. Rb5 Rec8 32. d6 Rd7 33. Rxc5
Rcd8 34. Rd1 Rxd6 35. Rxd6+ Rxd6 36. Ra5 Re6 {Time forfeit} 0-1

[Event "Rated Blitz game"]
[Site "?"]
[Date "2021.11.04"]
[Round "?"]
[White "wooll"]
[Black "Erickglezmesa"]
[Result "0-1"]
[WhiteElo "2352"]
[BlackElo "2472"]
[PlyCount "50"]
[EventDate "2021.??.??"]
[EventType "blitz"]

1. e4 e5 2. Nf3 d5 3. Nxe5 dxe4 4. d4 exd3 5. Bxd3 Nf6 6. O-O Be7 7. Nc3 O-O 8.
Qf3 c6 9. Rd1 Nbd7 10. Bf4 Qa5 11. Nc4 Qh5 12. Qg3 Nb6 13. Nd6 Nbd5 14. Nxc8
Raxc8 15. Be2 Qg6 16. Qxg6 hxg6 17. Bd2 Rcd8 18. Bf3 Nb4 19. Rac1 Rd7 20. a3
Nbd5 21. Nxd5 Nxd5 22. Be3 Rfd8 23. Bxa7 Bg5 24. Rb1 b5 25. g3 Rxa7 {Normal}
0-1

[Event "Rated Blitz game"]
[Site "?"]
[Date "2021.11.04"]
[Round "?"]
[White "Ngazio2000"]
[Black "Maltinho"]
[Result "1-0"]
[WhiteElo "2555"]
[BlackElo "2558"]
[PlyCount "65"]
[EventDate "2021.??.??"]
[EventType "blitz"]

1. e4 e5 2. Nf3 d5 3. Nxe5 Bd6 4. d4 dxe4 5. Nc4 Nf6 6. Nc3 O-O 7. Bg5 Nc6 8.
Be2 Re8 9. O-O Nxd4 10. Re1 Nxe2+ 11. Qxe2 h6 12. Bxf6 Qxf6 13. Nxe4 Qg6 14.
Nf6+ Qxf6 15. Qxe8+ Kh7 16. Nxd6 cxd6 17. Rad1 Qg6 18. g3 b6 19. Qe4 Qxe4 20.
Rxe4 Be6 21. Rxd6 Rc8 22. c3 Bxa2 23. Ra4 Be6 24. Rxa7 b5 25. Rb7 Rc5 26. f4 g5
27. fxg5 hxg5 28. Rdb6 Bc4 29. b3 Bd3 30. Rxf7+ Kg8 31. Rd7 Rxc3 32. Rb8+ Rc8
33. Rxc8# {Normal} 1-0

[Event "Rated Blitz game"]
[Site "?"]
[Date "2021.11.04"]
[Round "?"]
[White "ralfi1"]
[Black "DOOGE228"]
[Result "1-0"]
[WhiteElo "2500"]
[BlackElo "2473"]
[PlyCount "111"]
[EventDate "2021.??.??"]
[EventType "blitz"]

1. e4 e5 2. Nf3 d5 3. Nxe5 Bd6 4. d4 dxe4 5. Bc4 Bxe5 6. dxe5 Qxd1+ 7. Kxd1 Nc6
8. Bf4 Nge7 9. Nc3 Ng6 10. Bg3 Ncxe5 11. Be2 f5 12. h4 f4 13. Bh2 Bg4 14. h5
O-O-O+ 15. Kc1 Bxe2 16. Nxe2 Ng4 17. Bg1 f3 18. gxf3 exf3 19. Nc3 Nf4 20. b3
Rhe8 21. Rh4 Ne2+ 22. Kb2 Nf6 23. Bh2 Rd2 24. Rc4 c6 25. Nb5 Ne4 26. Rxe4 Rxe4
27. Nd6+ Rxd6 28. Bxd6 Rh4 29. Rd1 Rxh5 30. Be7 Rd5 31. Rh1 h6 32. a4 Kd7 33.
Bb4 Rg5 34. Rh3 Ng1 35. Rh4 Rg2 36. Rd4+ Ke8 37. Re4+ Kf7 38. Bc5 g5 39. Re7+
Kg6 40. Rxb7 h5 41. Rxa7 h4 42. Rc7 h3 43. Rxc6+ Kf5 44. Rh6 g4 45. a5 g3 46.
fxg3 f2 47. Bxf2 Rxf2 48. a6 Kg4 49. a7 Rf8 50. b4 Ra8 51. Rh7 Kxg3 52. Kb3 h2
53. b5 Nh3 54. Rg7+ Kf2 55. Rf7+ Kg3 56. Rg7+ {Time forfeit} 1-0

[Event "Rated Blitz game"]
[Site "?"]
[Date "2021.11.04"]
[Round "?"]
[White "ToxicMamba"]
[Black "Nowwatchiplay"]
[Result "0-1"]
[WhiteElo "2505"]
[BlackElo "2572"]
[PlyCount "68"]
[EventDate "2021.??.??"]
[EventType "blitz"]

1. e4 e5 2. Nf3 d5 3. exd5 Qxd5 4. Nc3 Qe6 5. d3 Nc6 6. Be2 Bd7 7. O-O O-O-O 8.
Be3 h5 9. a3 h4 10. b4 Nge7 11. b5 Nd4 12. Nxd4 exd4 13. Bxd4 h3 14. g3 Kb8 15.
Bf3 Nf5 16. Re1 Qh6 17. Be5 f6 18. Bf4 g5 19. Bd2 Bd6 20. Ne4 Bxb5 21. c4 Bc6
22. Rb1 Bxa3 23. Nc3 Bxf3 24. Qxf3 Nd6 25. Nb5 Nxb5 26. Rxb5 b6 27. Ra1 Qf8 28.
Be3 Rxd3 29. Qe4 Qd6 30. Rbb1 Rd8 31. Qf3 Bb2 32. c5 Qd5 33. cxb6 Qxf3 34.
bxa7+ Ka8 {Normal} 0-1

[Event "Rated Rapid game"]
[Site "?"]
[Date "2021.11.04"]
[Round "?"]
[White "SquareBroccoli"]
[Black "Boris-Trapsky"]
[Result "0-1"]
[WhiteElo "2210"]
[BlackElo "2486"]
[PlyCount "32"]
[EventDate "2021.??.??"]
[EventType "rapid"]

1. e4 e5 2. Nf3 d5 3. exd5 e4 4. Qe2 Bf5 5. d3 Qxd5 6. Nc3 Bb4 7. dxe4 Qxe4 8.
Qxe4+ Bxe4 9. Bd3 Nf6 10. Bd2 Bxd3 11. cxd3 Nc6 12. O-O O-O-O 13. Bg5 Rxd3 14.
Bxf6 gxf6 15. Ne4 Rg8 16. Nxf6 Rg6 {Normal} 0-1

[Event "Rated Blitz tournament QlcCykma"]
[Site "?"]
[Date "2021.11.04"]
[Round "?"]
[White "VuskyM"]
[Black "Tyutyunov_Aleksei"]
[Result "1-0"]
[WhiteElo "2408"]
[BlackElo "2240"]
[PlyCount "33"]
[EventDate "2021.??.??"]
[EventType "blitz"]

1. e4 e5 2. Nf3 d5 3. Nxe5 Qe7 4. d3 Nd7 5. Nxd7 Bxd7 6. Nc3 d4 7. Ne2 c5 8. c3
dxc3 9. Nxc3 O-O-O 10. Bf4 Qf6 11. Qd2 c4 12. dxc4 Bc6 13. Nd5 Bxd5 14. cxd5
Bb4 15. Rc1+ Kd7 16. Bb5+ Ke7 17. Qxb4+ {Normal} 1-0

[Event "Rated Blitz game"]
[Site "?"]
[Date "2021.11.04"]
[Round "?"]
[White "ambrona"]
[Black "blastol"]
[Result "1-0"]
[WhiteElo "2453"]
[BlackElo "2539"]
[PlyCount "69"]
[EventDate "2021.??.??"]
[EventType "blitz"]

1. e4 e5 2. Nf3 d5 3. exd5 Bd6 4. Bc4 e4 5. Qe2 Qe7 6. Nd4 Nf6 7. Nc3 O-O 8. d3
Bg4 9. f3 exf3 10. gxf3 Bh5 11. Qxe7 Bxe7 12. Ne4 Rd8 13. Nf5 Kf8 14. Nxe7 Kxe7
15. Nxf6 Kxf6 16. Kf2 Nd7 17. Rg1 h6 18. Bf4 Rac8 19. Rae1 g5 20. Bd2 Nb6 21.
Bc3+ Kg6 22. Re5 Rd7 23. h4 f6 24. Re6 Rf8 25. hxg5 hxg5 26. Rge1 Nxd5 27. Bxd5
Rxd5 28. Re7 Rf5 29. R1e3 Rc8 30. Kg3 b6 31. a4 a5 32. b4 Rd5 33. bxa5 bxa5 34.
R7e6 Kf7 35. Rxf6+ {Normal} 1-0

[Event "Rated Blitz game"]
[Site "?"]
[Date "2021.11.04"]
[Round "?"]
[White "Panditrao"]
[Black "DOOGE228"]
[Result "0-1"]
[WhiteElo "2374"]
[BlackElo "2481"]
[PlyCount "26"]
[EventDate "2021.??.??"]
[EventType "blitz"]

1. e4 e5 2. Nf3 d5 3. Nxe5 Bd6 4. d4 dxe4 5. Bc4 Bxe5 6. Qh5 Qe7 7. dxe5 Nc6 8.
Bf4 Be6 9. Bxe6 Qxe6 10. Nc3 O-O-O 11. Nxe4 Qc4 12. Qf3 Nd4 13. Qh3+ Kb8 {
Normal} 0-1

[Event "Rated Blitz game"]
[Site "?"]
[Date "2021.11.04"]
[Round "?"]
[White "ErmekovKairat76"]
[Black "Racheengel"]
[Result "0-1"]
[WhiteElo "2386"]
[BlackElo "2479"]
[PlyCount "28"]
[EventDate "2021.??.??"]
[EventType "blitz"]

1. e4 e5 2. Nf3 d5 3. exd5 e4 4. Qe2 Nf6 5. d3 Qxd5 6. Nc3 Bb4 7. Bd2 Bxc3 8.
Bxc3 O-O 9. Ne5 Re8 10. O-O-O Qxa2 11. b3 Nbd7 12. Nxd7 Bxd7 13. Bxf6 gxf6 14.
d4 Qa1+ {Normal} 0-1

[Event "Rated Blitz tournament iQv8Volt"]
[Site "?"]
[Date "2021.11.04"]
[Round "?"]
[White "Babayaga007"]
[Black "Maltinho"]
[Result "0-1"]
[WhiteElo "2359"]
[BlackElo "2536"]
[PlyCount "92"]
[EventDate "2021.??.??"]
[EventType "blitz"]

1. e4 e5 2. Nf3 d5 3. exd5 Bd6 4. d4 e4 5. Ne5 Nf6 6. Bg5 O-O 7. Nc3 Re8 8. Bc4
Bxe5 9. dxe5 Rxe5 10. Bf4 Re8 11. O-O Bg4 12. Qd2 Nbd7 13. Rfe1 Ne5 14. Bf1 Ng6
15. Bg3 h5 16. h3 Bf5 17. Rad1 h4 18. Bh2 Nh5 19. d6 cxd6 20. Qxd6 Qg5 21. Kh1
Rad8 22. Qc5 Rxd1 23. Rxd1 Nhf4 24. Nd5 Nxh3 25. gxh3 e3 26. Bg2 e2 27. Re1 Qd2
28. Qc3 Qg5 29. Ne3 Bd7 30. Rxe2 Be6 31. Qd4 b6 32. Ng4 Rc8 33. f4 Qf5 34. Ne3
Qa5 35. f5 Bxf5 36. Nxf5 Qxf5 37. Qe4 Qf6 38. Qe7 Nxe7 39. Re4 Nf5 40. Re2 Ng3+
41. Bxg3 hxg3 42. Re1 Qf2 43. Rf1 Qxc2 44. b3 Qd2 45. h4 Rc2 46. h5 Qxg2# {
Normal} 0-1